[Event "RUS-ch sf"]
[Site "Tula"]
[Date "1998.??.??"]
[Round "8"]
[White "Kozak, Vadim"]
[Black "Kostin, Alexey"]
[Result "0-1"]
[WhiteElo "2320"]
[BlackElo "2355"]
[PlyCount "46"]
[EventDate "1998.??.??"]
[EventType "swiss"]
[EventRounds "9"]
[EventCountry "RUS"]
[SourceTitle "EXT 2000"]
[Source "ChessBase"]
[SourceDate "1999.11.16"]
[SourceVersion "1"]
[SourceVersionDate "1999.11.16"]
[SourceQuality "1"]

1. e4 c5 2. Nc3 e6 3. g3 d5 4. exd5 exd5 5. d4 cxd4 6. Qxd4 Nf6 7. Bg5 Be7 8. Bg2 Nc6 9. Qd2 0-0 10. Nge2 d4 11. Bxf6 Bxf6 12. Ne4 Be7 13. f4 Bb4 14. c3 dxc3 15. bxc3 Ba5 16. Qxd8 Rxd8 17. Rd1 Rxd1+ 18. Kxd1 Bg4 19. Re1 f5 20. Nd2 Rd8 21. Kc2 Re8 22. Kd3 Bb6 23. Bf1 Bf2 0-1

[Event "RUS-ch sf"]
[Site "Tula"]
[Date "1998.??.??"]
[Round "7"]
[White "Kozak, Vadim"]
[Black "Shestakov, Sergei S"]
[Result "1/2-1/2"]
[WhiteElo "2320"]
[BlackElo "2325"]
[PlyCount "64"]
[EventDate "1998.??.??"]
[EventType "swiss"]
[EventRounds "9"]
[EventCountry "RUS"]
[SourceTitle "EXT 2000"]
[Source "ChessBase"]
[SourceDate "1999.11.16"]
[SourceVersion "1"]
[SourceVersionDate "1999.11.16"]
[SourceQuality "1"]

1. e4 c6 2. d4 d5 3. e5 c5 4. dxc5 Nc6 5. Bb5 e6 6. b4 Bd7 7. Bxc6 Bxc6 8. Nf3 a5 9. c3 axb4 10. cxb4 b6 11. Be3 bxc5 12. bxc5 Bxc5 13. Bxc5 Qa5+ 14. Nbd2 Qxc5 15. 0-0 Ne7 16. Nb3 Qa7 17. Nbd4 0-0 18. h4 Ba4 19. Qd2 h6 20. Rfc1 Rfc8 21. Rxc8+ Rxc8 22. Rc1 Rc4 23. Kh2 Qc7 24. Rxc4 Qxc4 25. h5 Nc6 26. Nxc6 Bxc6 27. Nd4 Bb5 28. Qe3 Ba4 29. Qd2 Qc7 30. f4 Qc4 31. a3 Qf1 32. Ne2 Qd1 1/2-1/2

[Event "RUS-ch sf"]
[Site "Tula"]
[Date "1998.??.??"]
[Round "5"]
[White "Rodin, Mihail"]
[Black "Kozak, Vadim"]
[Result "0-1"]
[WhiteElo "2390"]
[BlackElo "2320"]
[PlyCount "126"]
[EventDate "1998.??.??"]
[EventType "swiss"]
[EventRounds "9"]
[EventCountry "RUS"]
[SourceTitle "EXT 2000"]
[Source "ChessBase"]
[SourceDate "1999.11.16"]
[SourceVersion "1"]
[SourceVersionDate "1999.11.16"]
[SourceQuality "1"]

1. e4 c5 2. Nf3 Nc6 3. d4 cxd4 4. Nxd4 Nf6 5. Nc3 e5 6. Ndb5 d6 7. Bg5 a6 8. Na3 b5 9. Bxf6 gxf6 10. Nd5 Bg7 11. c3 Ne7 12. Nxe7 Qxe7 13. Nc2 f5 14. exf5 0-0 15. Ne3 e4 16. Be2 Bb7 17. 0-0 Rfd8 18. a4 b4 19. Nd5 Bxd5 20. Qxd5 bxc3 21. bxc3 Rac8 22. Bxa6 Rc5 23. Qd1 Bxc3 24. Ra3 d5 25. Rb3 Qf6 26. Qe2 Re8 27. Bb5 Ra8 28. Kh1 Qxf5 29. f3 Qe6 30. Qe3 Rac8 31. Rbb1 f5 32. fxe4 fxe4 33. Rbd1 d4 34. Rxd4 Bxd4 35. Qxd4 Rc1 36. Qe3 Rxf1+ 37. Bxf1 Qf6 38. Kg1 Rf8 39. Bc4+ Kh8 40. h3 Qa1+ 41. Kh2 Qe5+ 42. Kg1 Rc8 43. Bb5 Kg7 44. Be2 Qc5 45. Qxc5 Rxc5 46. Kf2 Kf6 47. Ke3 Ke5 48. Kd2 Kf4 49. Ba6 h5 50. h4 Rd5+ 51. Ke2 Rd4 52. Bb5 Rb4 53. Be8 Rb2+ 54. Ke1 Kg4 55. g3 Ra2 56. Kf1 Kxg3 57. Bxh5 Kxh4 58. Be8 Kg3 59. Ke1 Kf3 60. Bc6 Rc2 61. Bb5 Ke3 62. Kf1 Kd2 63. Kf2 e3+ 0-1

[Event "RUS-ch sf"]
[Site "Yaroslavl"]
[Date "1995.??.??"]
[Round "6"]
[White "Petrakov, Anton"]
[Black "Kozak, Vadim"]
[Result "1-0"]
[WhiteElo "2345"]
[BlackElo "2245"]
[PlyCount "77"]
[EventDate "1995.??.??"]
[EventType "swiss"]
[EventRounds "9"]
[EventCountry "RUS"]
[SourceTitle "CBM 049 Extra"]
[Source "ChessBase"]
[SourceDate "1996.01.01"]
[SourceVersion "1"]
[SourceVersionDate "1996.01.01"]
[SourceQuality "1"]

1. c4 e5 2. Nc3 Nc6 3. g3 g6 4. Bg2 Bg7 5. e3 d6 6. Nge2 Nge7 7. 0-0 0-0 8. d3 Bg4 9. h3 Be6 10. Nd5 Qd7 11. Kh2 Rab8 12. a4 a5 13. Rb1 Nb4 14. e4 c6 15. Nxb4 axb4 16. Be3 f5 17. exf5 Nxf5 18. Bd2 c5 19. b3 d5 20. Re1 Kh8 21. Ng1 Nd4 22. Be3 dxc4 23. dxc4 Rbd8 24. Rb2 Qc7 25. Qb1 Nf5 26. Bg5 Rd7 27. Nf3 h6 28. Bc1 Rdf7 29. Rbe2 Nd4 30. Nxd4 cxd4 31. Qxg6 Rf6 32. Qh5 Rf5 33. Qh4 d3 34. Re4 R8f6 35. f4 Qd7 36. fxe5 Rg6 37. Rd4 Qf7 38. Rxd3 Kh7 39. Bb2 1-0

[Event "RUS-ch sf"]
[Site "Yaroslavl"]
[Date "1995.??.??"]
[Round "8"]
[White "Zakharevich, Igor"]
[Black "Kozak, Vadim"]
[Result "1-0"]
[WhiteElo "2430"]
[BlackElo "2245"]
[PlyCount "59"]
[EventDate "1995.??.??"]
[EventType "swiss"]
[EventRounds "9"]
[EventCountry "RUS"]
[SourceTitle "CBM 049 Extra"]
[Source "ChessBase"]
[SourceDate "1996.01.01"]
[SourceVersion "1"]
[SourceVersionDate "1996.01.01"]
[SourceQuality "1"]

1. d4 Nf6 2. c4 c5 3. d5 b5 4. Nf3 Bb7 5. a4 b4 6. Nbd2 g6 7. e4 d6 8. g3 Bh6 9. Bg2 e5 10. 0-0 Qe7 11. Ne1 Nbd7 12. Nd3 Bg7 13. Nb3 h5 14. Bg5 Bh6 15. Bxh6 Rxh6 16. Qd2 Rh7 17. Na5 0-0-0 18. h4 Rg8 19. Rae1 Qd8 20. Nxb7 Kxb7 21. Bh3 Qe7 22. Qg5 Re8 23. f4 Ng4 24. Qxe7 Rxe7 25. Bxg4 hxg4 26. f5 g5 27. hxg5 Nf8 28. Kg2 Re8 29. g6 fxg6 30. fxg6 1-0